Central Library OPAC University of Rajshahi

كتاب الدين والحج على المذاهب الأربعة : يشتمل على جميع مناسك الحج والزيارة بالصور يحتوي على شرح لقواعد الإسلام الخمس بالآيات والأحاديث وهي : الشهادة والصلاة والزكاة والصوم والحج كتاب الدين والحج على المذاهب الأربعة : يشتمل على جميع مناسك الحج والزيارة بالصور يحتوي على شرح لقواعد الإسلام الخمس بالآيات والأحاديث وهي : الشهادة والصلاة والزكاة والصوم والحج / Kitab al-din wa-al-hajj `ala al-madhahib al-arba`ah : yashtamil `ala jami` manasik al-hajj wa-al-ziyarah bi-al-suwar yahtawi `ala sharh li-qawa`id al-Islam al-khams bi-al-ayat wa-al-ahadith wa-hiya : al-shahadah wa-al-salah wa-al-zakah wa-al-sawm wa-al-hajj / (Record no. 81087)

MARC details
000 -LEADER
fixed length control field 01822nam a2200241 a 4500
001 - CONTROL NUMBER
control field 81087
003 - CONTROL NUMBER IDENTIFIER
rucl marc code BD-RjUL
005 - DATE AND TIME OF LATEST TRANSACTION
control field 20230117112208.0
008 - FIXED-LENGTH DATA ELEMENTS--GENERAL INFORMATION
fixed length control field 230117s1951 ua 000 0 ara d
035 ## - SYSTEM CONTROL NUMBER
System control number (BD-RjUL)81087
040 ## - CATALOGING SOURCE
Original cataloging agency NNL
Language of cataloging ara
Transcribing agency BD-RjUL
041 ## - LANGUAGE CODE
Language code of text/sound track or separate title ara
082 ## - DEWEY DECIMAL CLASSIFICATION NUMBER
Edition number 23
Classification number 297.352
Author mark and year KAK 1951
100 1# - MAIN ENTRY--PERSONAL NAME
Personal name Kararah, Abbas كراره، عباس
9 (RLIN) 6604
245 17 - TITLE STATEMENT
Title كتاب الدين والحج على المذاهب الأربعة : يشتمل على جميع مناسك الحج والزيارة بالصور يحتوي على شرح لقواعد الإسلام الخمس بالآيات والأحاديث وهي : الشهادة والصلاة والزكاة والصوم والحج كتاب الدين والحج على المذاهب الأربعة : يشتمل على جميع مناسك الحج والزيارة بالصور يحتوي على شرح لقواعد الإسلام الخمس بالآيات والأحاديث وهي : الشهادة والصلاة والزكاة والصوم والحج / Kitab al-din wa-al-hajj `ala al-madhahib al-arba`ah : yashtamil `ala jami` manasik al-hajj wa-al-ziyarah bi-al-suwar yahtawi `ala sharh li-qawa`id al-Islam al-khams bi-al-ayat wa-al-ahadith wa-hiya : al-shahadah wa-al-salah wa-al-zakah wa-al-sawm wa-al-hajj /
Remainder of title /
Statement of responsibility, etc. [تاليف] عباس كراره.Abbas Kararah
250 ## - EDITION STATEMENT
Edition statement 10th. ed الطبعة العشر
260 ## - PUBLICATION, DISTRIBUTION, ETC. (IMPRINT)
Place of publication, distribution, etc. [القاهرة] :
Name of publisher, distributor, etc. دار مصر للطباعة،
Date of publication, distribution, etc. 1370 [1951]
300 ## - PHYSICAL DESCRIPTION
Pagination 186، [٤]ص.
Illustrations 18 cm
500 ## - GENERAL NOTE
General note "بتقريظ من مشيخة الازهر وعلماء العالم الاسلامي، يحتوي على شرح اركان الاسلام الخمس بالآيات والاحاديث..."
650 #4 - SUBJECT ADDED ENTRY--TOPICAL TERM
Topical term or geographic name as entry element Islam
General subdivision Customs and practices
Topical term or geographic name as entry element Worship (Islam)
9 (RLIN) 6605
942 ## - ADDED ENTRY ELEMENTS (KOHA)
Source of classification or shelving scheme Dewey Decimal Classification
Koha item type Books
Holdings
Lost status Source of classification or shelving scheme Damaged status Not for loan Collection code Permanent Location Current Location Shelving location Date acquired Total Checkouts Full call number Date last seen Copy number Koha item type
  Dewey Decimal Classification   Not For Loan Non-fiction Central Library, University of Rajshahi Central Library, University of Rajshahi Reading Room 14/11/1995   A 297.352 KAK 1951 17/01/2023 C-1 Books